书目信息 |
| 书名: | Not dead enough | |
| 作者: | Peter James | |
| 分册号: | ||
| 分册名: | 出版地: | UK |
|
| 出版社: | Pan books | |
| 出版时间: | 2007 | |
| 页数: | 624P | |
| 开本: | 20cm | |
| 丛书名: | ||
| 中图分类号: | ||
| 科图分类号: | ||
| 其他分类号: | I561.45 | |
| 主题词: | ||
| 电子资源: | ||
| 000 | 00397nam0 2200157 450 | |
| 001 | 202012197250 | |
| 005 | 20121115103832.0 | |
| 008 | 20010101s | |
| 020 | @a978-0-330-44612-9@c£6.99 | |
| 099 | @dI561.45@eP4784 | |
| 245 | 10 | @aNot dead enough@cPeter James |
| 260 | 0 | @aUK@bPan books@c2007 |
| 300 | @a624P@c20cm | |
| 905 | @b009051 | |
| 905 | @b11548 | |
| 905 | @aTSG@dI561.45@eP4784 | |
| Not dead enough / Peter James.-UK : Pan books , 2007 |
| 624P ; 20cm |
| ISBN 978-0-330-44612-9£6.99 |
| ● |
| 相关链接 |
|
|
|
正题名:Not dead enough
索取号:I561.45/P4784
 
预约/预借
| 序号 | 登录号 | 条形码 | 馆藏地/架位号 | 状态 | 备注 |